000 00329pam a2200157a 44500
008 230515b1930 xxu||||| |||| 00| 0 eng d
020 _aNULL
041 _aHINDI
082 _a1
100 _aSHARMA
245 _aRASAYOGSAGAR-1
250 _a1
260 _aSANGAI
_bN.D.
_c1930
300 _a100
650 _aRASAYOGSAGAR-1
999 _c497026
_d497026